| 000 | 01687nam a2200385 a 4500 | ||
|---|---|---|---|
| 001 | 000043986 | ||
| 003 | DO-SdBNP | ||
| 005 | 20260428073714.0 | ||
| 008 | 140324s2014 dr 000 j spa d | ||
| 020 | _a9789945412949 | ||
| 040 |
_aDO-SdBNP _bspa _cBNPHU |
||
| 082 |
_aBNPHU RD863.5 _bP925p, 2014 |
||
| 111 | 2 |
_aPremio Funglode de Cuento _d(2013 : _cSanto Domingo) _971941 |
|
| 245 | 1 | 3 |
_aEl calié y otros cuentos : _bpremio de cuento Juan Bosch 2013 / _cFélix Gerónimo ... [et al.]. |
| 260 |
_aSanto Domingo : _bFUNGLODE, _c2014. |
||
| 300 |
_a72 p. ; _c23 cm. |
||
| 490 | 1 | _aPremios Funglode/GFDD 2013 Cuentos; | |
| 500 | _aIncluye datos biográficos de los autores | ||
| 505 | 0 |
_tPrimer lugar: El calié / _rGerónimo, Félix-- _tSegún lugar: Una lección de cultura taína / _rGerónimo, Félix -- _tTercer lugar : Siempre se trata de Adela / _rRamírez, Yuni -- _tMención: Día de suerte / _rAmaro, David -- _tMención : Marisa y mamá y papá y Abel y yo / _rRodríguez, Danilo -- _tMención : El turno / _rAmaro, Valentín |
|
| 586 | _aPremio FUNGLODE de cuento Juan Bosch, 2013 | ||
| 590 | _aInventariado, 2019/ YL | ||
| 650 | 0 |
_aCuentos dominicanos _9176 |
|
| 650 | 0 |
_aLiteratura dominicana. _967 |
|
| 650 | 1 | 4 |
_aCertámenes literarios _91541 |
| 650 | 1 | 0 |
_aPremios literarios _91542 |
| 700 | 1 | 2 |
_aGerónimo, Félix _969852 |
| 700 | 1 | 2 |
_aRamírez, Yuni _971942 |
| 700 | 1 | 2 |
_aAmaro, David _971943 |
| 700 | 1 | 2 |
_aRodríguez, Danilo _929850 |
| 700 | 1 | 2 |
_aAmaro, Valentín _912295 |
| 710 | 2 | 2 |
_aFundación Global Democracía y Desarrollo _925477 |
| 830 | 0 |
_aPremios Funglode/GFDD 2013 Cuentos _971944 |
|
| 910 | _aValidado. Control de calidad MFF | ||
| 942 |
_2ddc _cLBS1 |
||
| 999 |
_c43475 _d43475 |
||